| 000 | 00436nam a2200181Ia 4500 | ||
|---|---|---|---|
| 001 | 10556 | ||
| 005 | 20260306161841.0 | ||
| 008 | 260306t2013||||xx |||||||||||||| ||spa|| | ||
| 041 | _aESP | ||
| 082 |
_a940.25 _bP16 |
||
| 100 |
_aPagden, Anthony _eAUT |
||
| 245 | 4 | _aThe enlightenment and why it still matters | |
| 260 | _c2013 | ||
| 300 |
_a436 páginas : _c23 cm. |
||
| 650 | _aGEN | ||
| 654 | _aCHU | ||
| 942 |
_cLIB _dJUS _fJUS _2ddc _n |
||
| 999 |
_c10556 _d10556 |
||